000
00247nam a22001217a 4500
008
170527b xxu||||| |||| 00| 0 eng d
041
_a
eng
080
_a
624
100
_a
27
101
_a
IM
245
_a
PLUMBING
_c
DONOVAN, H
942
_2
udc
_c
BK
999
_c
14675
_d
14675